000 01306njm a22002897a 4500
005 20100904115938.0
007 sd ammalaaahaa
008 100830t xxu||||| |||| 00| 0 hin d
028 _aGE. 33011
_bColumbia
028 _aCEI. 61927
_bColumbia
028 _aCEI. 61926
_bColumbia
035 _aGR-636
040 _aSED/VEN
100 _917458
_aEnoch Daniels
245 _aSohni Mahiwal part 1 /
_h[Sound recording] :
_cby Enoch Daniels
246 _aसोहनी महिवाल (एनोच दनिएल्स)
260 _aDum Dum, India
_bColumbia
300 _a1 Sound disc [Gramophone Record] :
_banlog, 33 1/3 rpm
_c10 in (LP)
_fGramophone Records
500 _aBrief record
505 _aPiyano aakardaiyan-tarj-tumhare sang mae bhi chalungi, Piyano aakardaiayan-tarj-piya mae hun ptang(पियानो आकर्दियन-तर्ज-तुम्हारे संग मे भी चलूंगी) (पियानो आकर्दियाँ-तर्ज-पिया मे हूँ पतंग [रागनी]) पार्ट. 2
650 _aOrkectra
_91186
_zIndia
_xExcerpts
650 _918274
700 _917459
700 _918096
942 _2ddc
_cGR
999 _c43731
_d43731